Critical success factors for business intelligence systems case studies in engineering enterprises

Na minha lista:
Detalhes bibliográficos
Autor principal: Yeoh, William
Formato: Livro
Idioma:inglês
Publicado em: Saarbrücken VDM Verlag Dr. Müller 2010
Assuntos:
Tags: Adicionar Tag
Sem tags, seja o primeiro a adicionar uma tag!

MARC

LEADER 00000nam a2200000 4500
001 0199624
005 20221108071202.0
020 |a 978-3-639-27870-5 
041 0 |a eng 
044 |a DE 
245 1 0 |a Critical success factors for business intelligence systems  |b case studies in engineering enterprises  |c William Yeoh 
264 1 |a Saarbrücken  |b VDM Verlag Dr. Müller  |c 2010 
300 |a xiii, 233 s. 
610 2 0 |a business intelligence 
610 2 0 |a aktíva 
610 2 0 |a riadenie 
610 2 0 |a výskum 
610 2 0 |a analýza dát 
610 2 0 |a štúdie prípadové 
100 1 |a Yeoh, William